KOHA-Header-6

Essentials PHP (Record no. 8113)

000 -LEADER
fixed length control field 00255nam a2200109Ia 4500
100 ## - MAIN ENTRY--AUTHOR NAME
Personal name Meloni,JULIE C.
245 #0 - TITLE STATEMENT
Title Essentials PHP
260 ## - PUBLICATION, DISTRIBUTION, ETC. (IMPRINT)
Place of publication New Delhi
Name of publisher McGraw Hill
Year of publication 2001
300 ## - PHYSICAL DESCRIPTION
Number of Pages 1290
942 ## - ADDED ENTRY ELEMENTS (KOHA)
Koha item type Books
Holdings
Withdrawn status Lost status Permanent Location Current Location Date acquired Full call number Accession Number Koha item type
    MAJU MAJU 2019-09-13 658.8 2562 Books

Powered by Koha